000 00594nam a2200169 4500
001 111106
003 ES-MaACL
005 20230906185237.0
007 t|
008 061121s1950 sp r ||||1| spa d
100 1 _aNagore, Daniel.
_984847
245 1 0 _aHacia la creación de un recursos peletero indígena
_b: el karakul español, podrá ser una realidad? /
_cpor Daniel Nagore.
260 _aPamplona :
_bDiputación Foral de Navarra,
_c1950.
300 _a52 p. 10 láms. ;
_c25 cm.
710 1 _aNavarra (Comunidad Autónoma).
_bDiputación Foral.
_95984
852 _aES-MaACL
_j1917-F-7
999 _c111106
_d111106